Detalles MARC
| 000 -CABECERA |
| campo de control de longitud fija |
01119nam a2200313 a 4500 |
| 001 - NÚMERO DE CONTROL |
| campo de control |
000025747 |
| 005 - FECHA Y HORA DE LA ÚLTIMA TRANSACCIÓN |
| campo de control |
20240418073804.0 |
| 008 - DATOS DE LONGITUD FIJA--INFORMACIÓN GENERAL |
| campo de control de longitud fija |
110221s1971 sp r 000 0 spa d |
| 040 ## - FUENTE DE LA CATALOGACIÓN |
| Centro catalogador/agencia de origen |
DO-SdBNP |
| Lengua de catalogación |
spa |
| Centro/agencia transcriptor |
BNPHU |
| 041 17 - CÓDIGO DE LENGUA |
| Código de lengua del texto/banda sonora o título independiente |
spa |
| Código de lengua original |
fre |
| Fuente del código |
Código de idioma MARC |
| 082 ## - NÚMERO DE LA CLASIFICACIÓN DECIMAL DEWEY |
| Número de clasificación |
301.09 |
| Número de documento/Ítem |
A744s |
| 049 ## - FONDOS LOCALES (OCLC) |
| Fondos de biblioteca |
BNGR |
| 100 1# - ENTRADA PRINCIPAL--NOMBRE DE PERSONA |
| Nombre de persona |
Arnaud, Pierre |
| 9 (RLIN) |
52547 |
| 240 10 - TÍTULO UNIFORME |
| Título uniforme |
Sociologie de Comte. |
| Lenguaje de la obra |
Español. |
| 245 10 - MENCIÓN DE TÍTULO |
| Título |
Sociología de Comte / |
| Mención de responsabilidad, etc. |
Pierre Arnaud ; traducción de Francisco Fernández Buey. |
| 260 ## - PUBLICACIÓN, DISTRIBUCIÓN, ETC. |
| Lugar de publicación, distribución, etc. |
Barcelona, ( España) : |
| Nombre del editor, distribuidor, etc. |
Ediciones Península, |
| Fecha de publicación, distribución, etc. |
1971. |
| 300 ## - DESCRIPCIÓN FÍSICA |
| Extensión |
234, [4] p. ; |
| -- |
20 cm. |
| 490 1# - MENCIÓN DE SERIE |
| Mención de serie |
Historia. Ciencia, sociedad |
| Designación de volumen o secuencia |
78 |
| 504 ## - NOTA DE BIBLIOGRAFÍA, ETC. |
| Nota de bibliografía, etc. |
Incluye referencias bibliográficas (p. 221-225) |
| 500 ## - NOTA GENERAL |
| Nota general |
Incluye notas (p. [227]- [235) |
| 500 ## - NOTA GENERAL |
| Nota general |
Incluye notas al pie de la páginas |
| 534 ## - NOTA SOBRE LA VERSIÓN ORIGINAL |
| Encabezamiento principal del original |
Título original: |
| 600 14 - PUNTO DE ACCESO ADICIONAL DE MATERIA--NOMBRE DE PERSONA |
| Nombre de persona |
COMTE, AUGUSTE, |
| Fechas asociadas al nombre |
1798-1857 |
| 9 (RLIN) |
52548 |
| 650 #0 - PUNTO DE ACCESO ADICIONAL DE MATERIA--TÉRMINO DE MATERIA |
| Término de materia o nombre geográfico como elemento de entrada |
Sociología |
| 9 (RLIN) |
1061 |
| 650 #4 - PUNTO DE ACCESO ADICIONAL DE MATERIA--TÉRMINO DE MATERIA |
| Término de materia o nombre geográfico como elemento de entrada |
Sociología |
| Subdivisión general |
Historia |
| 9 (RLIN) |
414 |
| 650 #4 - PUNTO DE ACCESO ADICIONAL DE MATERIA--TÉRMINO DE MATERIA |
| Término de materia o nombre geográfico como elemento de entrada |
Sociología histórica |
| 9 (RLIN) |
10967 |
| 700 1# - PUNTO DE ACCESO ADICIONAL--NOMBRE DE PERSONA |
| Nombre de persona |
Fernández Buey, Francisco, |
| Término indicativo de función/relación |
tr. |
| 9 (RLIN) |
52549 |
| 830 #0 - PUNTO DE ACCESO ADICIONAL DE SERIE-TÍTULO UNIFORME |
| Título uniforme |
Historia. Ciencia, sociedad ; |
| Designación de volumen o secuencia |
78 |
| 9 (RLIN) |
4624 |